000 00470nam a2200169Ia 4500
003 GCL
008 140319s9999 xx 000 0 ara d
040 _aGCL /
_cGCL
082 0 4 _a229.45
_bع م
100 1 _aعبدالرازق نوفل
245 1 0 _aالمسلمون والعالم الحديث /
_cعبدالرازق نوفل
260 _a[S.N] :
_bدار الشروق ،
_c1988
300 _a170 ص
490 _a
650 0 4 _aالاسلام
942 _2ddc
_cBK
999 _c36994
_d36994